00402nam a2200181Ia 4500003000900000008004100009040001300050040001300063100002300076100001000099245003800109250001100147260001500158300000800173490000600181700002100187700001200208IT-RoPAU120407s9999 xx 000 0 und d aIT-RoPAU cIT-RoPAU aTeresa di Calcutta cmadre aMaria Madre delle riconciliazioni aPadova aMessaggero c cm v1 aRoger di Taizé cfrère